Central Library and Information Centre
Sibsagar Girls' College, Sivasagar : Assam

LOKA PRASASHAN (Record no. 18497)

MARC details
000 -LEADER
fixed length control field 00455cam a2200193ua 4500
008 - FIXED-LENGTH DATA ELEMENTS--GENERAL INFORMATION
fixed length control field 190312n II |||gr||||Z||||||asm
040 ## - CATALOGING SOURCE
Original cataloging agency MAIN
041 ## - LANGUAGE CODE
-- English
082 ## - DEWEY DECIMAL CLASSIFICATION NUMBER
Classification number 351 DAS
100 ## - MAIN ENTRY--PERSONAL NAME
Personal name DAS, DR. MRIGENDRA NARAYAN.
245 ## - TITLE STATEMENT
Title LOKA PRASASHAN
250 ## - EDITION STATEMENT
Edition statement 1st--2012-13.
260 ## - PUBLICATION, DISTRIBUTION, ETC.
Place of publication, distribution, etc. JORHAT:
Name of publisher, distributor, etc. BIDYA BHAWAN .
300 ## - PHYSICAL DESCRIPTION
Extent 404:
Dimensions 20CM.
700 ## - ADDED ENTRY--PERSONAL NAME
Personal name GOHAIN, NABIN.
942 ## - ADDED ENTRY ELEMENTS (KOHA)
Koha item type Books
653 ## - INDEX TERM--UNCONTROLLED
Uncontrolled term Public administration
Holdings
Withdrawn status Lost status Damaged status Not for loan Collection code Home library Current library Shelving location Date acquired Full call number Barcode Date last seen Copy number Price effective from Koha item type Total Checkouts Date last checked out Public note Total Renewals
        TBPSC Central Library and Information Centre Sibsagar Girls College Central Library and Information Centre Sibsagar Girls College Political Science Rack 23.07.2012 351 DAS 27868 27.02.2020 1 27.02.2020 Books        
        TBPSC Central Library and Information Centre Sibsagar Girls College Central Library and Information Centre Sibsagar Girls College POLITICAL SC BOOK RACK 23.07.2012 351 DAS 27869 14.10.2022 2 27.02.2020 Books 1 11.10.2022 V  
        TBPSC Central Library and Information Centre Sibsagar Girls College Central Library and Information Centre Sibsagar Girls College Political Science Rack 23.07.2012 351 DAS 27870 27.02.2020 3 27.02.2020 Books        
        TBPSC Central Library and Information Centre Sibsagar Girls College Central Library and Information Centre Sibsagar Girls College Political Science Rack 23.07.2012 351 DAS 27871 27.02.2020 4 27.02.2020 Books        
        TBPSC Central Library and Information Centre Sibsagar Girls College Central Library and Information Centre Sibsagar Girls College POLITICAL SC BOOK RACK 23.07.2012 351 DAS 27872 13.03.2023 5 27.02.2020 Books 3 24.02.2023 V 1


Sibsagar Girl's College © 2020. All rights reserved.
Powered by Koha.
Maintained by Abhijit Borpuzari.